000 00509cam a22001934a 4500
005 20250605164406.0
008 250528s ||||||||||||||||||||||||d
035 _a24848
020 _a9781718501362
040 _aGR-AtMCL
_bgre
_dGR-AtMCL
_eAACR2
245 1 _aDive into Systems / A Gentle Introduction to Computer Systems
300 _a794
700 1 _aMatthews Suzanne J
_99588
700 1 _aNewhall Tia
_99589
700 1 _aWebb Kevin C
_99590
942 _cBK
999 _c9686
_d9686